MARC

LEADER 00000cas a2200000 a 4500
001 68694
003 Ucuenca
005 20230308222109.0
008 000100|2000 xxu|||||r|||||||||||spa||
022 |a 03790975 
040 |b spa 
041 0 |a spa 
082 0 |a 050  |b O62a 
110 2 |a Organización de los Estados Americanos.   |g OEA  |9 31064 
245 |a Américas  |c Organización de Estados Americanos  |h imp  |n no. 1 
264 |a Washington  |b OEA  |c Enero/Febrero 2000 
300 |a 64 páginas:  |b ilu  |c 27 cm 
362 |a Vol. 52, no. 1 (Enero/Febrero 2000) 
650 0 |a Gastronomía  |9 37295 
650 |a Recetas de cocina navideña  |9 190326 
650 |a Camelidos en bolivia  |9 190327 
650 |a Poetisa mexicana  |9 190328 
650 |a Castillo ana  |9 190329 
650 |a Muralistas contemporaneos  |9 190330 
650 |a Viñoly rafael  |9 190331 
650 |a Arquitectura siglo xxi  |9 190332 
650 0 |a Revista Américas  |9 175786 
852 |a UC-CDJBV  |f Donación  |k npena  |l 1  |p 20001005  |q 15000.00  |r 2  |t 68694  |d CDRC  |e CDRC  |g 050 O62a TERCER PISO (SECCION REVISTAS)  |z 2000-01-00 
942 |c SER 
999 |c 139647  |d 139647